000 01264cam a2200337 i 4500
001 24557
003 Mx-PuUPA
005 20251022111620.0
008 140415s2015 mx gr 000 0 spa d
020 _a9786079706708
040 _aMx-PuUPA
_bspa
_cMx-PuUPA
_dMx-PuUPA
_erda
041 0 _aspa
043 _an-mx---
100 1 _aUrquizo, Francisco L.,
_q(Francisco Luis),
_d1891-1969
_917127
_eautor
245 1 3 _a3 de diana /
_cFrancisco L. Urquizo ; edición, Sección de Difusión Interna de la Dirección General de Comunicación Social
246 1 3 _aTres de diana
250 _aPrimera edición /
_bnoviembre
264 1 _aMéxico, D. F. :
_bSecretaría de la Defensa Nacional
_c2015
300 _a357 páginas ;
_c20 cm
336 _2rdacontent
_atexto
_btxt
337 _2rdamedia
_asin medio
_bn
338 _2rdacarrier
_avolumen
_bnc
650 7 _2armarc
_aGuerra Mundial
_y1939-1945
_zMéxico
651 4 _aMéxico
_xHistoria
_y1910-1946
710 1 _aSección de Difusión Interna de la Dirección General de Comunicación Social
_eeditor
942 _2ddc
_cLI
_h972.0826
_iU75
999 _c24557
_d24557